English cities in Civilization 6 Map quiz - Statistics

General Stats
  • This quiz has been taken 13 times
  • The average score is 22 of 33
Answers on the Map
Answers color-coded by a green-red scale on the quiz's map according to % correct below.
 
Answer Stats
Answer % Correct
London
100%
Birmingham
92%
Manchester
92%
Leeds
83%
Liverpool
83%
Newcastle upon Tyne
83%
Oxford
83%
York
83%
Bradford
75%
Bristol
75%
Cambridge
75%
Leicester
75%
Portsmouth
75%
Sheffield
75%
Bath
67%
Dover
67%
Hull
67%
Ipswich
67%
Nottingham
67%
Wolverhampton
67%
Brighton
58%
Coventry
58%
Lincoln
58%
Norwich
58%
Plymouth
58%
Blackburn
50%
Exeter
50%
Hastings
50%
Stoke-upon-Trent
50%
Sunderland
50%
Canterbury
42%
Preston
42%
Shrewsbury
17%
No matching quizzes found
Score Distribution
Percent of People with Each Score
Percentile by Number Answered
Your Score History
You have not taken this quiz